| 000 | 00843nam a2200229 i 4500 | ||
|---|---|---|---|
| 001 | 29855 | ||
| 003 | ES-MaACL | ||
| 005 | 20230906154112.0 | ||
| 007 | t| | ||
| 008 | 030123s1983 it ||||1| ita d | ||
| 100 | 1 |
_aBascape, Giacomo C. _926256 |
|
| 245 | 1 | 0 |
_aInsegne e simboli _b: araldica publica e privata medievale e moderna / _cGiacomo C. Bascapé, Marcello Del Piazzo ; con la cooperazione di Luigi Borgia. |
| 260 |
_aRoma : _bMinistero per i Beni Culturali e Ambientali, _c1983. |
||
| 300 |
_aXVI, 1064 p. : _bil. ; _c24 cm. |
||
| 490 | 1 | _aPublicazioni degli Archivi di Stato | |
| 500 | _aDiccionario heráldico: p. 1007-1064. | ||
| 700 | 1 |
_aDel Piazzo, Marcello. _943271 |
|
| 700 | 1 |
_aBorgia, Luigi. _930480 |
|
| 830 | 0 |
_aPublicazioni degli Archivi di Stato _9229311 |
|
| 852 |
_aES-MaACL _jL-12285 |
||
| 999 |
_c29855 _d29855 |
||